[Event "Paracin 2018"]
[Site "Paracin, Hotel Petrus"]
[Date "2018.07.09"]
[Round "4.74"]
[White "Bilic, Milanko"]
[Black "Murgul, Nenad"]
[Result "1-0"]
[WhiteElo "2066"]
[BlackElo "1851"]
[PlyCount "177"]
[EventDate "2018.07.06"]

1. e4 c5 2. Nf3 d6 3. d4 cxd4 4. Nxd4 a6 5. c4 Nf6 6. Nc3 e6 7. Be2 Be7 8. O-O
O-O 9. Be3 Nc6 10. Nc2 b6 11. Qd2 Qc7 12. Rfd1 Rd8 13. Rac1 Bb7 14. f3 Ne5 15.
Na3 Bc6 16. Qe1 Qb7 17. Qf2 Rab8 18. Qf1 Ra8 19. Qf2 Rab8 20. Kh1 h6 21. Rd2
Ne8 22. Rdc2 Ng6 23. Qf1 Ra8 24. Nab1 Nc7 25. Nb5 Be8 26. Nxc7 Qxc7 27. Nc3 Qb7
28. a4 Bf6 29. b3 Bxc3 30. Rxc3 a5 31. Qf2 Rab8 32. R3c2 Ne7 33. Qg3 Kh7 34.
Bd3 e5 35. Rd2 Nc6 36. Rcd1 Rd7 37. Bf1 Qc7 38. Qf2 Rdd8 39. g3 f6 40. Bh3 Bd7
41. Bxd7 Rxd7 42. Rd5 Ne7 43. R5d3 f5 44. Bc1 fxe4 45. fxe4 Qc6 46. Qe2 Rf8 47.
Ba3 Rf6 48. Kg1 Nc8 49. Rf1 Rdf7 50. Rdf3 Rxf3 51. Rxf3 Qb7 52. Qf2 Kg8 53.
Rxf7 Qxf7 54. Qe3 Qe6 55. Kg2 Kf7 56. Qd3 Ke7 57. Qf3 Qf6 58. Qg4 Na7 59. h4
Kd8 60. Qd1 Nc8 61. Bc1 Qg6 62. Qf3 Ke7 63. g4 Qf7 64. Qd3 h5 65. Bg5+ Kd7 66.
Qd5 Qxd5 67. cxd5 g6 68. Kf3 Na7 69. Be3 Kc7 70. gxh5 gxh5 71. Ke2 Kb7 72. Kd3
Nc8 73. Kc4 Ka6 74. Bg5 Na7 75. Be7 b5+ 76. Kc3 Nc8 77. Bd8 b4+ 78. Kd3 Na7 79.
Bc7 Nc8 80. Ke2 Ne7 81. Bxd6 Ng6 82. Bc7 Nxh4 83. Bxe5 Ng6 84. Bc7 Nf8 85. e5
Nd7 86. e6 Nf6 87. d6 Kb7 88. Bxa5 Kc6 89. d7 1-0